The book of Joe

保存先:
書誌詳細
第一著者: Tropper, Jonathan
フォーマット: 図書
言語:Undetermined
出版事項: New York Random House 2004
主題:
タグ: タグ追加
タグなし, このレコードへの初めてのタグを付けませんか!
Thư viện lưu trữ: Trung tâm Học liệu Trường Đại học Cần Thơ
LEADER 00592nam a2200193Ia 4500
001 CTU_171214
008 210402s9999 xx 000 0 und d
082 |a 813.54 
082 |b T856/Tape.1 
100 |a Tropper, Jonathan 
245 4 |a The book of Joe 
245 0 |c Jonathan Tropper, read by Tom Cavanagh 
260 |a New York 
260 |b Random House 
260 |c 2004 
650 |a Parent and adult child,Cha mẹ và những đứa trẻ 
650 |x Fiction,Tiểu thuyết 
910 |a Minh Tâm, Tuyến 
980 |a Trung tâm Học liệu Trường Đại học Cần Thơ